Statistics for Top 10 Best-Selling Cars of all Time

Click here to take the quiz!

General Stats

  • This quiz has been taken 417 times
  • The average score is 5 of 10

Answer Stats

#CompanyYrs Of ProdApprox. SaleAnswer% Correct
1Toyota1966-37,000,000Corolla
81%
6Honda1972-16,500,000Civic
78%
2Volkswagen1974-27,190,000Golf
77%
3Volkswagen1937-200321,529,464Beetle
71%
5Ford1908-192716,536,075Model T
55%
8Volkswagen1973-15,000,000Passat
48%
4Ford1968-200320,000,000Escort
28%
10Chevrolet1958-13,000,000Impala
26%
7Nissan1966-16,000,000Sunny
25%
9Lada1980-13,500,000Riva
15%

Score Distribution

Percentile by Number Answered

Percent of People with Each Score

Your Score History

You have not taken this quiz